The singularity is nearer : (Record no. 751216)

MARC details
000 -LEADER
fixed length control field 02548cam a22004457i 4500
020 ## - INTERNATIONAL STANDARD BOOK NUMBER
ISBN 9780399562761
020 ## - INTERNATIONAL STANDARD BOOK NUMBER
ISBN 0399562761
082 04 - DEWEY DECIMAL CLASSIFICATION NUMBER
Classification number 612.820 3 KUR/S
082 04 - DEWEY DECIMAL CLASSIFICATION NUMBER
Classification number
100 1# - MAIN ENTRY--AUTHOR NAME
Personal name Kurzweil, Ray,
245 14 - TITLE STATEMENT
Title The singularity is nearer :
Sub Title when we merge with Al /
Statement of responsibility, etc by Ray Kurzweil.
246 30 - VARYING FORM OF TITLE
Title proper/short title When we merge with AI
246 3# - VARYING FORM OF TITLE
Title proper/short title When we merge with artificial intelligence
260 ## - PUBLICATION, DISTRIBUTION, ETC. (IMPRINT)
Place of publication . - Great Britain
Name of publisher : Book head
Year of publication , 2024
300 ## - PHYSICAL DESCRIPTION
Number of Pages xii, 419 pages :
Other physical details illustrations ;
504 ## - BIBLIOGRAPHY, ETC. NOTE
Bibliography, etc Includes bibliographical references (pages 313-400) and index.
520 ## - SUMMARY, ETC.
Summary, etc "This successor volume to The Singularity Is Near explores how technology will refashion the human race in the decades to come. In this entirely new book, Ray Kurzweil brings a fresh perspective to advances in the singularity--assessing the progress of many of his predictions and examining the novel advancements that, in the near future, will bring a revolution in knowledge and an expansion of human potential. Among the topics he discusses are rebuilding the world atom by atom with devices like nanobots; radical life extension beyond the current age limit of 120; reinventing intelligence by expanding biological capacity with nonbiological intelligence in the cloud; how life is improving with declines in poverty and violence; and the growth of technologies that can be applied to everything from clothes to building materials to growing human organs. He also considers the potential perils of biotechnology, nanotechnology, and artificial intelligence, including such topics as how AI will impact unemployment and the safety of autonomous cars, and "After Life" technology, which will reanimate people who have passed away through a combination of data and DNA" --
650 #0 - SUBJECT ADDED ENTRY--TOPICAL TERM
Topical Term Brain
650 #0 - SUBJECT ADDED ENTRY--TOPICAL TERM
Topical Term Human evolution.
650 #0 - SUBJECT ADDED ENTRY--TOPICAL TERM
Topical Term Genetics.
650 #0 - SUBJECT ADDED ENTRY--TOPICAL TERM
Topical Term Nanotechnology.
650 #0 - SUBJECT ADDED ENTRY--TOPICAL TERM
Topical Term Robotics.
650 #0 - SUBJECT ADDED ENTRY--TOPICAL TERM
Topical Term Artificial intelligence.
650 #0 - SUBJECT ADDED ENTRY--TOPICAL TERM
Topical Term Evolution (Biology)
650 #6 - SUBJECT ADDED ENTRY--TOPICAL TERM
Topical Term Êtres humains
650 #6 - SUBJECT ADDED ENTRY--TOPICAL TERM
Topical Term Génétique.
650 #6 - SUBJECT ADDED ENTRY--TOPICAL TERM
Topical Term Nanotechnologie.
650 #6 - SUBJECT ADDED ENTRY--TOPICAL TERM
Topical Term Robotique.
650 #6 - SUBJECT ADDED ENTRY--TOPICAL TERM
Topical Term Intelligence artificielle.
650 #7 - SUBJECT ADDED ENTRY--TOPICAL TERM
Topical Term genetics.
650 #7 - SUBJECT ADDED ENTRY--TOPICAL TERM
Topical Term artificial intelligence.
650 #7 - SUBJECT ADDED ENTRY--TOPICAL TERM
Topical Term Brain.
650 #7 - SUBJECT ADDED ENTRY--TOPICAL TERM
Topical Term Evolution.
650 #7 - SUBJECT ADDED ENTRY--TOPICAL TERM
Topical Term Genetics.
650 #7 - SUBJECT ADDED ENTRY--TOPICAL TERM
Topical Term Artificial intelligence.
650 #7 - SUBJECT ADDED ENTRY--TOPICAL TERM
Topical Term Nanotechnology.
650 #7 - SUBJECT ADDED ENTRY--TOPICAL TERM
Topical Term Robots.
942 ## - ADDED ENTRY ELEMENTS (KOHA)
Source of classification or shelving scheme Dewey Decimal Classification
Koha item type Book
Holdings
Withdrawn status Lost status Source of classification or shelving scheme Damaged status Not for loan Home Library Current Location Date acquired Full call number Accession Number Price effective from Koha item type
    Dewey Decimal Classification     Dept. of Political Science Dept. of Political Science 07/02/2025 612.820 3 KUR/S POL23753 10/09/2025 Book